Lady Gaga Songs Hard Version - Sudden Death - Statistics

General Stats
  • This quiz has been taken 87 times
  • The average score is 6 of 15
Answers on the Grid
Answers color-coded by a green-red scale on the quiz's grid according to % correct below.
La Vie En Rose
Sexxxy Dreams
Til It Happens To You
LovingGame
I'll Never Love Again
Mars
Ih, Ih (Everything Else You Can't Say)
Mayhem
Honey Money
Blonde, Skinny, Rich
Me And You
Anything Goes
Tooth
Retro, Dance, Freak
Summerfriend
Just Another Day
Bang, Bang
Highway Unicorn
The Queen
Rain on You
Sweet Sounds Of Heaven
I Get A Kick Out Of You
Grade of Bless
Opencadabra
Your Song
901
Hold My Hand
Get Happy
Do What U Want
Smile
 
Answer Stats
Answer % Correct
La Vie En Rose
69%
I'll Never Love Again
65%
Til It Happens To You
54%
Do What U Want
48%
Highway Unicorn
42%
Hold My Hand
40%
The Queen
40%
Retro, Dance, Freak
38%
Just Another Day
37%
Anything Goes
33%
I Get A Kick Out Of You
33%
Sweet Sounds Of Heaven
29%
Get Happy
27%
Your Song
25%
Smile
21%
No matching quizzes found
Score Distribution
Percent of People with Each Score
Percentile by Number Answered
Your Score History
You have not taken this quiz